CENTRUM DOKUMENTÁRNÍHO FILMU KNIHOVNA

logo MFDF Ji.hlavalogo DOK.REVUElogo Inspirační fórum

Ekrannyje iskusstva i literatura : (Záznam č. 885)

Podrobnosti MARC
000 -LEADER
kontrolní pole pevné délky 00648nam a2200205 a 4500
001 - ŘÍDÍCÍ ČÍSLO
kontrolní pole zpk20132438457
003 - CONTROL NUMBER IDENTIFIER
kontrolní pole CZ PrNK
005 - DATUM A ČAS POSLEDNÍHO ZPRACOVÁNÍ
kontrolní pole 20230518161704.0
007 - FYZICKÝ POPIS - SPECIFIKACE PRO TIŠTĚNÝ ČI RUKOPISNÝ (OKEM ČITELNÝ) TEXT
kontrolní pole pevné délky ta
008 - SPECIFIKACE PRO KNIHY A POKRAČUJÍCÍ ZDROJE
kontrolní pole pevné délky 130124s1994 ru 000 | ruso
020 ## - MEZINÁRODNÍ STANDARDNÍ ČÍSLO KNIHY (ISBN)
ISBN 5020111619
Kvalifikátor (brož.)
040 ## - CATALOGING SOURCE (Původ katalogizace)
Agentura zajišťující původní katalogizaci ABA001
Jazyk katalogizace cze
245 00 - ÚDAJE O NÁZVU
Název Ekrannyje iskusstva i literatura :
Další údaje o názvu sovremennyj etap
260 ## - PUBLICATION, DISTRIBUTION, ETC.
Místo vydání Moskva :
Jméno nakladatele Nauka,
Datum vydání 1994
300 ## - FYZICKÝ POPIS
Rozsah 223 s. ;
Rozměry 22 cm
500 ## - VŠEOBECNÁ POZNÁMKA
General note Rossijskaja akademija nauk. Rossijskij institut oskusstvoznanija Ministerstva kul'tury Rossijskoj federacii
520 ## - ABSTRAKT, ATD.
Text poznámky Ėkrannye iskusstva i literatura : sovremennyĭ ėtap.
910 ## - USER-OPTION DATA (OCLC)
User-option data ABA001
942 ## - PŘIDANÉ VEDLEJŠÍ ZÁHLAVÍ (KOHA)
Source of classification or shelving scheme Dewey Decimal Classification
Koha item type Kniha
Suppress in OPAC No
Jednotky
Datum poslední evidence Přírůstkové číslo Total Checkouts Signatura Čárový kód Cena effektivně od Koha item type Stav ztráty Source of classification or shelving scheme Stav poškození Nelze vypůjčit Stav zrušení Home library Current library Umístění Datum zapsání
18.05.2023 619   E821/619/VAR E821/619/VAR 18.05.2023 Kniha   Dewey Decimal Classification       Centrum dokumentárního filmu Centrum dokumentárního filmu Cizojazyčné publikace E821 18.05.2023